| 000 | 00670nam a2200217 a 4500 | ||
|---|---|---|---|
| 001 | BRCA_7278 | ||
| 005 | 20190320205758.0 | ||
| 008 | 270112s1921----gw-ac#####---#000-0#ger-# | ||
| 041 | _ager | ||
| 044 | _agw | ||
| 050 | 4 |
_aD581 _b.M28 |
|
| 100 | 1 |
_aMantey, Eberhard von _d1869-1940 _eed. _918013 |
|
| 245 | 1 | 0 |
_aAuf See unbesiegt _b30 Einzeldarstellungen aus dem Seekrieg _cHerrusgegeben von Eberhard von Mantey. |
| 260 |
_aMünchen _bJ. F. Lehmanns _c1921 |
||
| 300 |
_a2 v. _bil. retratos _c23 cm. |
||
| 500 | _aLa biblioteca cuenta con el v. 1 | ||
| 500 | _aP47 | ||
| 650 | 1 | 4 |
_aGuerra Mundial _xOperaciones Navales _y1914-1918 _918014 |
| 902 | _aGFM | ||
| 942 |
_2lcc _cB |
||
| 999 |
_c6956 _d6956 |
||